000 00327nam a2200145Ia 4500
008 150201s2008 xx 000 0 und d
082 _a617
_bC08D
100 _aDAS , S.
245 2 _aA CONCISE TB. OF SURGERY
250 _a5TH
260 _bU.B.S.
_aDELHI
_c2008
300 _a1-1346
650 _aSURGERY
942 _2ddc
_cBK
_033
999 _c211
_d211